| 000 | 00957nam0a22002891 4500 | ||
|---|---|---|---|
| 001 | RU\NLR\A1SV\58002 | ||
| 005 | 20251203171251.9 | ||
| 035 | _a(NLR Aleph) 009739958 | ||
| 090 |
_a9940234 _c9940234 |
||
| 100 | _a20071219d1925 u y0rusy50 ca | ||
| 101 | 0 | _arus | |
| 102 | _aRU | ||
| 200 | 1 |
_aСправочник цен на товары на 1 июля 1925 года _eС прил. индекса опт. цен Ленинграда и норм заработ. платы _fЛенингр. товар. биржа |
|
| 210 |
_aЛ. _cБирж. ком. ЛТБ _d1925 |
||
| 215 |
_a139, [2] с., 1 л. табл. _d25 см |
||
| 620 | _dСанкт-Петербург | ||
| 710 | 0 | 2 | _aЛенинградская товарная биржа |
| 801 | 0 |
_aRU _bNLR _c20071219 |
|
| 852 |
_aNLR _j13/130 |
||
| 899 | _aРКП | ||
| 899 | _aГПИБ | ||
| 899 | _aРГБ | ||
| 899 | _aКирОУНБ | ||
| 942 | _cBOOK | ||
| 980 | _aNB | ||
| 980 | _aA1SV | ||